[Event "Toronto int."]
[Site "Toronto CAN"]
[Date "1997.05.19"]
[Round "7"]
[White "Thiele, Frank"]
[Black "Campbell, Brett"]
[Result "0-1"]
[WhiteElo "2076"]
[BlackElo "2325"]
[PlyCount "104"]
[GameId "2160767911966080"]
[EventDate "1997.05.16"]
[EventType "swiss"]
[EventRounds "7"]
[EventCountry "CAN"]

1. e4 g6 2. d4 Bg7 3. c4 d6 4. Nc3 Nd7 5. Nf3 e5 6. d5 Ngf6 7. Be2 O-O 8. Be3 Ng4 9. Bg5 f6 10. Bd2 Nh6 11. Qc1 Nf7 12. g4 Nc5 13. Rg1 a5 14. b3 Bd7 15. h4 Qc8 16. Nh2 Kh8 17. Nf1 f5 18. gxf5 gxf5 19. Ng3 f4 20. Nh5 Rg8 21. Kd1 Qd8 22. Rxg7 Rxg7 23. Nxg7 Kxg7 24. Kc2 Qxh4 25. Qg1+ Kh8 26. f3 Rg8 27. Qh1 Qxh1 28. Rxh1 Rg2 29. Be1 Kg7 30. Kd1 b6 31. Bh4 h5 32. Be7 Kg6 33. Bh4 Kh6 34. Bf1 Rg8 35. Ke2 Ng5 36. Kf2 Nb7 37. Ke2 Nd8 38. Kf2 Ndf7 39. Bg2 Nh8 40. Bxg5+ Rxg5 41. Bh3 Be8 42. Bf5 Rg3 43. Bg4 Kg5 44. Ne2 h4 45. Nxg3 fxg3+ 46. Kg2 Ng6 47. Rb1 Nf4+ 48. Kg1 Bh5 49. Bxh5 Kxh5 50. b4 axb4 51. Rxb4 h3 52. Ra4 Ne2+ 0-1

[Event "Toronto int."]
[Site "Toronto CAN"]
[Date "1997.05.19"]
[Round "7"]
[White "Tipu, Vincent"]
[Black "Rajlich, Vasik"]
[Result "1-0"]
[WhiteElo "2367"]
[BlackElo "2341"]
[PlyCount "51"]
[GameId "2160767911966081"]
[EventDate "1997.05.16"]
[EventType "swiss"]
[EventRounds "7"]
[EventCountry "CAN"]

1. Nc3 c5 2. Nf3 Nc6 3. d4 cxd4 4. Nxd4 g6 5. e4 Bg7 6. Be3 d6 7. Bc4 Nf6 8. h3 O-O 9. Bb3 Bd7 10. O-O a6 11. f4 b5 12. Qd3 Rc8 13. Rad1 Nxd4 14. Bxd4 b4 15. Ne2 Bb5 16. Qe3 a5 17. Bb6 Qd7 18. e5 Nh5 19. e6 Qb7 20. exf7+ Kh8 21. Bd4 e5 22. fxe5 Bxe2 23. Qxe2 Ng3 24. Qe3 Nxf1 25. Rxf1 dxe5 26. Qxe5 1-0

[Event "Toronto int."]
[Site "Toronto CAN"]
[Date "1997.05.19"]
[Round "7"]
[White "Vukadinov, Milan"]
[Black "Schleifer, Michael"]
[Result "1/2-1/2"]
[WhiteElo "2390"]
[BlackElo "2439"]
[PlyCount "105"]
[GameId "2160767911966082"]
[EventDate "1997.05.16"]
[EventType "swiss"]
[EventRounds "7"]
[EventCountry "CAN"]

1. d4 Nf6 2. c4 d6 3. Nf3 Bg4 4. e3 Nbd7 5. Be2 e5 6. Nc3 Be7 7. O-O O-O 8. b3 Re8 9. Ba3 Bf8 10. dxe5 dxe5 11. Bxf8 Rxf8 12. Qc2 c6 13. Rfd1 Bxf3 14. Bxf3 Qe7 15. Rd2 a5 16. Rad1 Nc5 17. h3 h6 18. Qb1 Rad8 19. Qc2 g6 20. Rxd8 Rxd8 21. Rxd8+ Qxd8 22. Qd1 Qxd1+ 23. Bxd1 Nfe4 24. Nb1 Kf8 25. Bc2 Nf6 26. Kf1 Ke7 27. Ke2 Nfd7 28. Nc3 Nb8 29. f3 Nbd7 30. h4 Nf6 31. g3 Kd6 32. f4 exf4 33. gxf4 Ne6 34. a3 g5 35. hxg5 hxg5 36. fxg5 Nxg5 37. Bf5 Ne8 38. Na4 Ke5 39. Bc2 Ne6 40. b4 axb4 41. axb4 Nd6 42. Nb6 Ng5 43. Nd7+ Ke6 44. Nc5+ Ke7 45. Bd3 f6 46. Nb3 Kd7 47. c5 Ndf7 48. Bf5+ Kc7 49. Nd4 Ne5 50. Kd2 b6 51. cxb6+ Kxb6 52. Kc3 c5 53. bxc5+ 1/2-1/2

[Event "Toronto int."]
[Site "Toronto CAN"]
[Date "1997.05.19"]
[Round "7"]
[White "Ziatdinov, Raset"]
[Black "Linskiy, Oleg"]
[Result "1-0"]
[WhiteElo "2485"]
[BlackElo "2415"]
[PlyCount "144"]
[GameId "2160767911966083"]
[EventDate "1997.05.16"]
[EventType "swiss"]
[EventRounds "7"]
[EventCountry "CAN"]

1. e4 d5 2. exd5 Qxd5 3. Nc3 Qa5 4. g3 Nf6 5. Bg2 Bg4 6. Nge2 c6 7. O-O e6 8. d3 Nbd7 9. h3 Bh5 10. Bd2 Qc7 11. Qe1 Bd6 12. a4 Bg6 13. a5 a6 14. f4 O-O 15. g4 h6 16. Kh1 Rfe8 17. Ne4 Nxe4 18. dxe4 f5 19. e5 Be7 20. Nd4 Nf8 21. Qg3 Rad8 22. Qc3 Kh7 23. Be3 c5 24. Qc4 Qc8 25. Nb3 Rd7 26. Bf3 Rc7 27. Rg1 Rd8 28. Rg2 Be8 29. Kh2 Ng6 30. Rgg1 Nh4 31. Bh1 Rd4 32. Qe2 Rb4 33. Bd2 Bb5 34. Qf2 Rc4 35. Bc3 Ng6 36. gxf5 exf5 37. Rxg6 Kxg6 38. Nd2 Kh7 39. Nxc4 Bxc4 40. Rg1 Qe6 41. Bf3 g6 42. Qg2 Rd7 43. Bxb7 Bd5 44. Bxd5 Rxd5 45. Qf3 c4 46. Rd1 Rxd1 47. Qxd1 g5 48. Qd4 gxf4 49. Qxf4 Bc5 50. Bd4 Bb4 51. Bb6 Be7 52. Bc7 Kg6 53. Qd4 Kh7 54. Bd6 Bg5 55. Kg2 f4 56. Qe4+ Kg7 57. Bc5 Bd8 58. Bb4 Bg5 59. Qb7+ Kg8 60. Qb8+ Kh7 61. Qc7+ Kg8 62. Qb8+ Kh7 63. Qb7+ Kh8 64. Qe4 Qg8 65. Bc3 Qe6 66. b3 cxb3 67. cxb3 Qxb3 68. Qd3 Qa2+ 69. Kf3 Qe6 70. Ke4 Kg7 71. Qd6 Kf7 72. Qxe6+ Kxe6 1-0

[Event "Toronto int. U2300"]
[Site "Toronto CAN"]
[Date "1997.05.19"]
[Round "6"]
[White "Peterson, George"]
[Black "Kret, Ted"]
[Result "1-0"]
[WhiteElo "2103"]
[BlackElo "2227"]
[PlyCount "61"]
[GameId "2160767911966084"]
[EventDate "1997.05.16"]
[EventType "swiss"]
[EventRounds "7"]
[EventCountry "CAN"]
[SourceTitle "CFC 1997.08"]

1. d4 Nf6 2. c4 g6 3. Nc3 Bg7 4. Nf3 O-O 5. e4 d6 6. Be2 Nbd7 7. O-O e5 8. h3 a6 9. Bg5 Rb8 10. a4 Qe8 11. Re1 Kh8 12. Rc1 exd4 13. Qxd4 Ng8 14. Qa7 h6 15. Bh4 c5 16. Nd5 b5 17. cxb5 Qxe4 18. Bc4 Qf5 19. Bg3 Bxb2 20. Rcd1 Rb7 21. Qxa6 Ne5 22. Nxe5 dxe5 23. Qd6 Re8 24. Qxc5 Be6 25. Qc6 Rbb8 26. b6 Bd7 27. Qd6 Bxa4 28. Qb4 Bxd1 29. Qxb2 Rbc8 30. b7 Rxc4 31. Rxe5 1-0

[Event "Toronto op"]
[Site "Toronto CAN"]
[Date "1997.??.??"]
[Round "1"]
[White "Day, Lawrence"]
[Black "Ilic, Stanimir"]
[Result "0-1"]
[WhiteElo "2485"]
[BlackElo "2405"]
[PlyCount "107"]
[GameId "2160767911966201"]
[EventDate "1997.03.28"]
[EventType "swiss"]
[EventRounds "6"]
[EventCountry "CAN"]
[SourceTitle "EXT 2001"]
[Source "ChessBase"]
[SourceDate "2000.11.22"]
[SourceVersion "1"]
[SourceVersionDate "2000.11.22"]
[SourceQuality "1"]

1. e4 c5 2. Nc3 Nc6 3. f4 e6 4. Be2 a6 5. Nf3 d5 6. d3 d4 7. Nb1 Nge7 8. O-O Ng6 9. Qe1 Be7 10. Qg3 Bh4 11. Qh3 h6 12. g3 e5 13. f5 Bf6 14. Kh1 Nb4 15. Na3 b5 16. Bd2 Nf8 17. g4 Nh7 18. Qg3 Nc6 19. h4 Qd6 20. Kg2 Be7 21. g5 Bb7 22. c3 c4 23. Rfd1 cxd3 24. Bxd3 hxg5 25. hxg5 O-O-O 26. Rac1 Kb8 27. c4 b4 28. c5 Qc7 29. Nc4 f6 30. g6 Nf8 31. a3 b3 32. Nb6 Bxc5 33. Rxc5 Qxb6 34. Rdc1 Nd7 35. Rd5 Ka8 36. Qe1 Ndb8 37. Rxd8 Rxd8 38. Bc4 Rc8 39. Be6 Rc7 40. Qe2 Na7 41. Rxc7 Qxc7 42. Bxb3 Nb5 43. Bb4 Nd6 44. Bxd6 Qxd6 45. Nd2 Nd7 46. Qc4 Nc5 47. Bc2 Ka7 48. b4 Nd7 49. Bd3 Qc6 50. Kf3 Nb6 51. Qf7 Qc1 52. Qa2 Qh1+ 53. Kg3 Qg1+ 54. Kh4 0-1

[Event "Toronto op"]
[Site "Toronto CAN"]
[Date "1997.??.??"]
[Round "2"]
[White "Jung, Hans"]
[Black "Day, Lawrence"]
[Result "0-1"]
[WhiteElo "2300"]
[BlackElo "2485"]
[PlyCount "58"]
[GameId "2160767911966203"]
[EventDate "1997.03.28"]
[EventType "swiss"]
[EventRounds "6"]
[EventCountry "CAN"]
[SourceTitle "EXT 2001"]
[Source "ChessBase"]
[SourceDate "2000.11.22"]
[SourceVersion "1"]
[SourceVersionDate "2000.11.22"]
[SourceQuality "1"]

1. e4 d5 2. exd5 Qxd5 3. Nc3 Qa5 4. d4 Nf6 5. Nf3 Bf5 6. Bd3 e6 7. O-O Nbd7 8. Bf4 Bd6 9. Ne5 Bxd3 10. Nxd3 Bxf4 11. Nxf4 O-O-O 12. Qe2 Nb6 13. Rfd1 Qg5 14. g3 h5 15. a4 h4 16. Ne4 Nxe4 17. Qxe4 hxg3 18. hxg3 Nc4 19. a5 a6 20. Rd3 Qh6 21. Qg2 g5 22. Ne2 g4 23. Rb3 c6 24. Rc3 Nd2 25. Rxc6+ Kb8 26. Rc3 Rd5 27. Rc5 Nf3+ 28. Kf1 Rxc5 29. dxc5 Qh1+ 0-1

[Event "Toronto op"]
[Site "Toronto CAN"]
[Date "1997.??.??"]
[Round "3"]
[White "Apostolov, Penka"]
[Black "Jung, Hans"]
[Result "0-1"]
[WhiteElo "2070"]
[BlackElo "2300"]
[PlyCount "74"]
[GameId "2160767911966205"]
[EventDate "1997.03.28"]
[EventType "swiss"]
[EventRounds "6"]
[EventCountry "CAN"]
[SourceTitle "EXT 2001"]
[Source "ChessBase"]
[SourceDate "2000.11.22"]
[SourceVersion "1"]
[SourceVersionDate "2000.11.22"]
[SourceQuality "1"]

1. d4 d5 2. Nf3 Nc6 3. c4 Bg4 4. cxd5 Bxf3 5. gxf3 Qxd5 6. e3 e6 7. Nc3 Qh5 8. f4 Qxd1+ 9. Kxd1 O-O-O 10. Ke2 Nf6 11. Bg2 Ne7 12. Bd2 h6 13. Rac1 g5 14. fxg5 hxg5 15. Nb5 c6 16. Ba5 Rd7 17. Na3 Nf5 18. Nc4 Nh4 19. Rhg1 Ng6 20. Bc3 Rxh2 21. Ne5 Nxe5 22. dxe5 Ng8 23. Bf3 Be7 24. Bd2 Nh6 25. e4 g4 26. Bxg4 Rxd2+ 27. Kxd2 Bg5+ 28. Kd1 Bxc1 29. Kxc1 Nxg4 30. Rxg4 Rxf2 31. a3 Kc7 32. Rg3 a5 33. a4 b5 34. axb5 cxb5 35. Re3 b4 36. Kb1 Kc6 37. Rd3 Re2 0-1

[Event "Toronto op"]
[Site "Toronto CAN"]
[Date "1997.??.??"]
[Round "4"]
[White "Rajlich, Vasik"]
[Black "Livshits, Ron"]
[Result "0-1"]
[WhiteElo "2280"]
[BlackElo "2370"]
[PlyCount "52"]
[GameId "2160767911966207"]
[EventDate "1997.03.28"]
[EventType "swiss"]
[EventRounds "6"]
[EventCountry "CAN"]
[SourceTitle "EXT 2001"]
[Source "ChessBase"]
[SourceDate "2000.11.22"]
[SourceVersion "1"]
[SourceVersionDate "2000.11.22"]
[SourceQuality "1"]

1. e4 c5 2. Nf3 d6 3. d4 cxd4 4. Nxd4 Nf6 5. Nc3 a6 6. Bg5 e6 7. f4 Qc7 8. Qf3 b5 9. f5 Be7 10. fxe6 fxe6 11. e5 dxe5 12. Ndxb5 axb5 13. Bxb5+ Kf7 14. Qxa8 Rd8 15. Rd1 Bb7 16. Qa4 Bxg2 17. Rxd8 Qxd8 18. Rg1 Bh3 19. Qh4 Bf5 20. Qg3 h6 21. Bxh6 Ng4 22. Qg2 Bh4+ 23. Ke2 gxh6 24. h3 h5 25. hxg4 Bxg4+ 26. Kf1 Qf6+ 0-1

[Event "Toronto op"]
[Site "Toronto CAN"]
[Date "1997.??.??"]
[Round "5"]
[White "Tipu, Vincent"]
[Black "Psakhis, Lev"]
[Result "0-1"]
[WhiteElo "2210"]
[BlackElo "2610"]
[PlyCount "76"]
[GameId "2160767911966209"]
[EventDate "1997.03.28"]
[EventType "swiss"]
[EventRounds "6"]
[EventCountry "CAN"]
[SourceTitle "EXT 2001"]
[Source "ChessBase"]
[SourceDate "2000.11.22"]
[SourceVersion "1"]
[SourceVersionDate "2000.11.22"]
[SourceQuality "1"]

1. e4 e6 2. d4 d5 3. exd5 exd5 4. Bd3 Nc6 5. c3 Bd6 6. Nf3 Bg4 7. O-O Nge7 8. Re1 Qd7 9. Nbd2 O-O-O 10. b4 Rde8 11. Nb3 Ng6 12. Rxe8+ Rxe8 13. Nc5 Bxc5 14. bxc5 Nh4 15. Bg5 Bxf3 16. gxf3 Re1+ 17. Qxe1 Nxf3+ 18. Kh1 Nxe1 19. Rxe1 Qg4 20. Be3 Ne7 21. Bf1 Ng6 22. Bg2 Qf5 23. Kg1 Nh4 24. Bh1 Nf3+ 25. Bxf3 Qxf3 26. a3 h5 27. Bd2 Kd7 28. Re3 Qd1+ 29. Be1 Qa1 30. Kf1 Qxa3 31. Re5 Qa6+ 32. Kg2 Qg6+ 33. Kf1 f6 34. Rxd5+ Kc6 35. c4 Qd3+ 36. Kg2 Qe2 37. Ba5 b6 38. cxb6 axb6 0-1

[Event "Toronto op"]
[Site "Toronto CAN"]
[Date "1997.??.??"]
[Round "6"]
[White "Djerkovic, Miladin"]
[Black "Saleh, Maher"]
[Result "1-0"]
[WhiteElo "2255"]
[BlackElo "2250"]
[PlyCount "61"]
[GameId "2160767911966211"]
[EventDate "1997.03.28"]
[EventType "swiss"]
[EventRounds "6"]
[EventCountry "CAN"]
[SourceTitle "EXT 2001"]
[Source "ChessBase"]
[SourceDate "2000.11.22"]
[SourceVersion "1"]
[SourceVersionDate "2000.11.22"]
[SourceQuality "1"]

1. e4 Nf6 2. e5 Nd5 3. d4 d6 4. Nf3 g6 5. Bc4 c6 6. O-O Bg7 7. exd6 Qxd6 8. h3 O-O 9. Re1 Bf5 10. Bb3 b5 11. Nbd2 Nd7 12. c4 bxc4 13. Nxc4 Qc7 14. Bd2 a5 15. Rc1 Rfd8 16. Ne3 Nxe3 17. Rxe3 e5 18. Ng5 exd4 19. Re7 a4 20. Bxf7+ Kh8 21. Bd5 Rf8 22. Rxc6 Qd8 23. Qe2 Bd3 24. Rxg7 Qxg5 25. Bxg5 Bxe2 26. Rxd7 Bb5 27. Bf6+ Rxf6 28. Rxf6 Bxd7 29. Bxa8 d3 30. Rd6 Bb5 31. Be4 1-0

[Event "Toronto op"]
[Site "Toronto CAN"]
[Date "1997.??.??"]
[Round "6"]
[White "Psakhis, Lev"]
[Black "Ziatdinov, Raset"]
[Result "1/2-1/2"]
[WhiteElo "2615"]
[BlackElo "2485"]
[PlyCount "26"]
[GameId "2160767911966213"]
[EventDate "1997.03.28"]
[EventType "swiss"]
[EventRounds "6"]
[EventCountry "CAN"]
[SourceTitle "EXT 2001"]
[Source "ChessBase"]
[SourceDate "2000.11.22"]
[SourceVersion "1"]
[SourceVersionDate "2000.11.22"]
[SourceQuality "1"]

1. c4 e6 2. Nf3 d5 3. d4 Nf6 4. g3 Be7 5. Bg2 O-O 6. O-O Nbd7 7. Qc2 a6 8. Nbd2 c5 9. dxc5 Nxc5 10. b3 Bd7 11. Bb2 Rc8 12. Rad1 dxc4 13. Nxc4 b5 1/2-1/2

[Event "Toronto op"]
[Site "Toronto CAN"]
[Date "1997.??.??"]
[Round "7"]
[White "Gurevich, Dmitry"]
[Black "Psakhis, Lev"]
[Result "1/2-1/2"]
[WhiteElo "2580"]
[BlackElo "2610"]
[PlyCount "83"]
[GameId "2160767911966215"]
[EventDate "1997.03.28"]
[EventType "swiss"]
[EventRounds "6"]
[EventCountry "CAN"]
[SourceTitle "EXT 2001"]
[Source "ChessBase"]
[SourceDate "2000.11.22"]
[SourceVersion "1"]
[SourceVersionDate "2000.11.22"]
[SourceQuality "1"]

1. d4 e6 2. c4 Nf6 3. g3 c5 4. d5 exd5 5. cxd5 d6 6. Nc3 g6 7. Bg2 Bg7 8. Nf3 O-O 9. O-O a6 10. a4 Nbd7 11. Bf4 Qe7 12. h3 h6 13. Rb1 Nh5 14. Bd2 f5 15. Qc2 g5 16. a5 Rb8 17. e3 b5 18. axb6 Rxb6 19. Na4 Rb5 20. b4 Bb7 21. bxc5 Nxc5 22. Nb6 Qd8 23. Rxb5 axb5 24. Ba5 Na4 25. Rb1 Nxb6 26. Rxb5 Qa8 27. Bxb6 Bxd5 28. Rxd5 Qxd5 29. Nxg5 Qb5 30. Qa2+ Kh8 31. Nf7+ Kh7 32. Qe6 Nf6 33. Bd4 Qd7 34. Bd5 Qxe6 35. Bxe6 Ne8 36. Bb6 Kg6 37. Nd8 Bf6 38. Nc6 h5 39. Nb4 Ng7 40. Bd7 Rb8 41. Nd5 Kf7 42. Kg2 1/2-1/2

[Event "Toronto op"]
[Site "Toronto CAN"]
[Date "1997.??.??"]
[Round "7"]
[White "Ilic, Stanimir"]
[Black "Findlay, Ian"]
[Result "0-1"]
[WhiteElo "2325"]
[BlackElo "2435"]
[PlyCount "114"]
[GameId "2160767911966216"]
[EventDate "1997.03.28"]
[EventType "swiss"]
[EventRounds "6"]
[EventCountry "CAN"]
[SourceTitle "EXT 2001"]
[Source "ChessBase"]
[SourceDate "2000.11.22"]
[SourceVersion "1"]
[SourceVersionDate "2000.11.22"]
[SourceQuality "1"]

1. d4 Nf6 2. c4 c5 3. d5 a6 4. Nc3 b5 5. cxb5 axb5 6. e4 b4 7. Nb5 d6 8. Nf3 g6 9. e5 dxe5 10. Nxe5 Bg7 11. Bc4 O-O 12. O-O Ba6 13. Nc6 Nxc6 14. dxc6 Qb6 15. a4 Qxc6 16. Qe2 e6 17. Be3 Bb7 18. f3 Nd5 19. Bf2 Rfc8 20. Rfc1 Nb6 21. Bb3 c4 22. a5 Qxb5 23. Bxb6 Ba6 24. Ba4 Qe5 25. Qxe5 Bxe5 26. Rab1 Bc7 27. Bd7 Bxb6+ 28. axb6 Rd8 29. Bc6 Rab8 30. b7 Rd6 31. Be4 f5 32. Bc2 Rxb7 33. Kf2 Rd2+ 34. Kg3 Kf7 35. h4 Kf6 36. f4 c3 37. bxc3 bxc3 38. Ra1 Bd3 39. Bxd3 Rxd3+ 40. Kh2 Rc7 41. Ra3 Ke7 42. Kg1 Rc4 43. h5 Rxf4 44. Ra7+ Rd7 45. Rxd7+ Kxd7 46. Rxc3 Rh4 47. hxg6 hxg6 48. Rg3 Rh6 49. Kf2 Ke7 50. Ra3 Kf6 51. Kf3 Rh8 52. Rb3 Rc8 53. Ra3 Rc4 54. Rb3 g5 55. g3 g4+ 56. Ke3 Rc2 57. Ra3 Rg2 0-1

[Event "Toronto op"]
[Site "Toronto CAN"]
[Date "1997.??.??"]
[Round "7"]
[White "Teodoro, Eduardo"]
[Black "Kudrin, Sergey"]
[Result "1/2-1/2"]
[WhiteElo "2320"]
[BlackElo "2515"]
[PlyCount "37"]
[GameId "2160767911966217"]
[EventDate "1997.03.28"]
[EventType "swiss"]
[EventRounds "6"]
[EventCountry "CAN"]
[SourceTitle "EXT 2001"]
[Source "ChessBase"]
[SourceDate "2000.11.22"]
[SourceVersion "1"]
[SourceVersionDate "2000.11.22"]
[SourceQuality "1"]

1. e4 c5 2. Nf3 d6 3. d4 cxd4 4. Nxd4 Nf6 5. Nc3 g6 6. Be3 Bg7 7. f3 Nc6 8. Qd2 O-O 9. Bc4 Bd7 10. Nxc6 bxc6 11. O-O Qc8 12. Rad1 Be6 13. Bxe6 Qxe6 14. Bh6 Rfc8 15. Bxg7 Kxg7 16. Rfe1 Qe5 17. b3 Qa5 18. Na4 Qxd2 19. Rxd2 1/2-1/2

[Event "Trois-Rivieres CC #2"]
[Site "Trois-Riviers CAN"]
[Date "1997.12.14"]
[Round "4"]
[White "Pare, Jean-Francois"]
[Black "Leriche, Felix"]
[Result "0-1"]
[WhiteElo "1858"]
[BlackElo "2097"]
[PlyCount "78"]
[GameId "2160767911874345"]
[EventDate "1997.12.13"]
[EventType "swiss"]
[EventRounds "4"]
[EventCountry "CAN"]
[SourceTitle "Echec+ 1998.03"]

1. d4 e6 2. e4 d5 3. e5 c5 4. c3 Nc6 5. Nf3 Bd7 6. Bd3 f6 7. O-O Qb6 8. Re1 cxd4 9. cxd4 fxe5 10. Nxe5 Nxe5 11. dxe5 Bc5 12. Qh5+ Kd8 13. Qh4+ Ne7 14. Nc3 Rf8 15. Rf1 h6 16. Nd1 Rc8 17. Bd2 Bb5 18. Bxb5 Qxb5 19. Bc3 Kd7 20. a4 Qd3 21. b4 Nf5 22. Qg4 Bb6 23. a5 Rc4 24. Qg6 Bd8 25. a6 b5 26. Nb2 Qxc3 27. Nxc4 bxc4 28. f4 Bb6+ 29. Kh1 Qxb4 30. Rab1 Qc5 31. g4 Ne7 32. Qxg7 Rg8 33. Qxh6 Rxg4 34. Qh5 Rg7 35. Qh8 Nf5 36. Qb8 Qe3 37. Qb7+ Ke8 38. Qc8+ Kf7 39. Qd7+ Ne7 0-1

[Event "Trumpeter Classic"]
[Site "Edmonton CAN"]
[Date "1997.01.18"]
[Round "1"]
[White "Ottosen, David"]
[Black "Veniot, Roger"]
[Result "1-0"]
[WhiteElo "2055"]
[BlackElo "1670"]
[PlyCount "53"]
[GameId "2160767911999425"]
[EventDate "1997.01.18"]
[EventType "swiss"]
[EventRounds "4"]
[EventCountry "CAN"]

1. e4 c5 2. Nf3 d6 3. d4 cxd4 4. Nxd4 Nf6 5. Nc3 a6 6. Bg5 e6 7. f4 Be7 8. Qf3 Qc7 9. O-O-O Nbd7 10. Be2 b5 11. e5 Bb7 12. Qg3 dxe5 13. f5 Ne4 14. Nxe4 Bxe4 15. Bxe7 Rc8 16. fxe6 exd4 17. exd7+ Qxd7 18. Bd3 Bxd3 19. Rxd3 Qc6 20. c3 Kxe7 21. Qxg7 Qe6 22. Qxd4 Rhd8 23. Qh4+ Ke8 24. Rxd8+ Rxd8 25. Re1 Qxe1+ 26. Qxe1+ Kf8 27. Qe5 1-0

[Event "Trumpeter Classic"]
[Site "Edmonton CAN"]
[Date "1997.01.18"]
[Round "2"]
[White "Kanester, Jim"]
[Black "Ottosen, David"]
[Result "1-0"]
[WhiteElo "1810"]
[BlackElo "2055"]
[PlyCount "69"]
[GameId "2160767911999426"]
[EventDate "1997.01.18"]
[EventType "swiss"]
[EventRounds "4"]
[EventCountry "CAN"]

1. c4 c6 2. d4 d5 3. Nc3 Nf6 4. c5 Nbd7 5. Nf3 Qc7 6. Bg5 e5 7. e3 e4 8. Nd2 Be7 9. b4 b5 10. a4 bxa4 11. Qxa4 O-O 12. Nb3 Bb7 13. Ba6 Nb6 14. Qa2 Bxa6 15. Qxa6 Nc4 16. O-O Qd7 17. Bxf6 Bxf6 18. Nxe4 Be7 19. Ned2 Nxd2 20. Nxd2 f5 21. f4 Qe6 22. Qe2 Rfb8 23. Rfb1 Bd8 24. Nf3 Bc7 25. Ne5 Bxe5 26. fxe5 Rb7 27. b5 Rab8 28. b6 axb6 29. Rxb6 Rxb6 30. cxb6 c5 31. dxc5 Qxe5 32. Ra7 d4 33. Qc4+ Kh8 34. Qxd4 Qe8 35. Qxg7# 1-0

[Event "Trumpeter Classic"]
[Site "Edmonton CAN"]
[Date "1997.01.19"]
[Round "3"]
[White "Quiring, John"]
[Black "Ottosen, David"]
[Result "0-1"]
[WhiteElo "1985"]
[BlackElo "2055"]
[PlyCount "70"]
[GameId "2160767911999427"]
[EventDate "1997.01.18"]
[EventType "swiss"]
[EventRounds "4"]
[EventCountry "CAN"]

1. d4 Nf6 2. c4 e6 3. Nc3 c5 4. d5 exd5 5. Nxd5 Nxd5 6. cxd5 d6 7. e4 a6 8. a4 g6 9. Bd3 Bg7 10. Ne2 O-O 11. O-O Nd7 12. f4 Nf6 13. Kh1 Bg4 14. Qc2 Qe7 15. Ng3 h5 16. Qf2 h4 17. Ne2 c4 18. Bc2 Nxd5 19. Nd4 Nb4 20. Be3 Nxc2 21. Qxc2 Rac8 22. f5 d5 23. Rf4 gxf5 24. Nxf5 Bxf5 25. Rxf5 Qxe4 26. Qf2 Rc6 27. Rf4 Rf6 28. Rxe4 Rxf2 29. Rg4 Rf6 30. Bd4 Rg6 31. Rxh4 Re8 32. Bc3 Re2 33. g3 Rxb2 34. Bxb2 Bxb2 35. Rb1 Rb6 0-1

[Event "Trumpeter Classic"]
[Site "Edmonton CAN"]
[Date "1997.01.19"]
[Round "4"]
[White "Ottosen, David"]
[Black "Saurnoch, Gejza"]
[Result "1-0"]
[WhiteElo "2055"]
[BlackElo "1434"]
[PlyCount "75"]
[GameId "2160767911999428"]
[EventDate "1997.01.18"]
[EventType "swiss"]
[EventRounds "4"]
[EventCountry "CAN"]

1. e4 b6 2. d4 Bb7 3. Bd3 e6 4. Be3 Nf6 5. Nd2 Bb4 6. c3 Be7 7. f4 d5 8. e5 Nfd7 9. Ngf3 c5 10. O-O c4 11. Bc2 b5 12. g4 a5 13. f5 g6 14. Bh6 gxf5 15. gxf5 Rg8+ 16. Kh1 Nf8 17. Rg1 Rxg1+ 18. Qxg1 Kd7 19. f6 Bxf6 20. exf6 Nc6 21. Ne5+ Nxe5 22. dxe5 d4+ 23. Be4 Qc7 24. Qxd4+ Ke8 25. Bxf8 Kxf8 26. Bxb7 Qxb7+ 27. Qe4 Qxe4+ 28. Nxe4 Rd8 29. Nd6 h5 30. Rg1 Rd7 31. Rg7 b4 32. cxb4 axb4 33. Nxc4 Rc7 34. b3 Ra7 35. Nd6 h4 36. Rxf7+ Rxf7 37. Nxf7 Kxf7 38. Kg2 1-0

[Event "U. Laval op"]
[Site "Ste-Foy CAN"]
[Date "1997.09.19"]
[Round "1"]
[White "Fairbairn, Stephen"]
[Black "Tremblay, Sylvain"]
[Result "0-1"]
[WhiteElo "1867"]
[BlackElo "2116"]
[PlyCount "110"]
[GameId "2160767911932040"]
[EventDate "1997.09.19"]
[EventType "swiss"]
[EventRounds "5"]
[EventCountry "CAN"]

1. d4 Nf6 2. c4 e6 3. Nf3 Bb4+ 4. Bd2 Be7 5. Nc3 d5 6. cxd5 exd5 7. Bg5 O-O 8. Qc2 c6 9. e3 Nbd7 10. Bd3 h6 11. Bxf6 Bxf6 12. O-O Nb6 13. Rab1 Bg4 14. Nd2 Re8 15. b4 a6 16. a4 Rc8 17. a5 Nd7 18. Na4 Nf8 19. Nc5 Rc7 20. Rfc1 Be7 21. Nf1 g6 22. Ng3 Bd6 23. Re1 Bc8 24. Nf1 f5 25. Re2 Qf6 26. Rbe1 Rce7 27. Qb3 f4 28. exf4 Rxe2 29. Rxe2 Rxe2 30. Bxe2 Qxd4 31. Nd3 Bf5 32. Nc5 Bxc5 33. bxc5 Qe4 34. Bf3 Qb1 35. Qxb1 Bxb1 36. Bg4 Bf5 37. Bxf5 gxf5 38. Nd2 Ne6 39. Nb3 Nxf4 40. Kf1 Ne6 41. Ke2 Kf7 42. Ke3 f4+ 43. Kd3 Kf6 44. f3 Ke5 45. Kc3 h5 46. Kd3 h4 47. h3 Nc7 48. Nd4 Ne6 49. Nb3 Ng7 50. Nd4 Nf5 51. Nc2 d4 52. Ne1 Kd5 53. Kd2 Ne3 54. Ke2 Kc4 55. Kd2 Kb5 0-1

[Event "U. Laval op"]
[Site "Ste-Foy CAN"]
[Date "1997.09.20"]
[Round "2"]
[White "Tremblay, Sylvain"]
[Black "Sauve, Richard"]
[Result "1-0"]
[WhiteElo "2116"]
[BlackElo "1950"]
[PlyCount "57"]
[GameId "2160767911932041"]
[EventDate "1997.09.19"]
[EventType "swiss"]
[EventRounds "5"]
[EventCountry "CAN"]

1. e4 c5 2. Nf3 d6 3. d4 cxd4 4. Nxd4 Nf6 5. Nc3 a6 6. a4 e6 7. Be3 Be7 8. Be2 O-O 9. O-O b6 10. f4 Bb7 11. Bf3 Nbd7 12. Qe2 Rc8 13. Nb3 Qc7 14. g4 d5 15. exd5 Nxd5 16. Nxd5 Bxd5 17. Bxd5 exd5 18. c3 Nc5 19. Nd4 Bf6 20. Nf5 g6 21. Nh6+ Kh8 22. g5 Bg7 23. f5 Bxh6 24. gxh6 Ne4 25. Qxa6 g5 26. Bxb6 Qd7 27. Bd4+ Kg8 28. Qe2 f6 29. a5 1-0

[Event "U. Laval op"]
[Site "Ste-Foy CAN"]
[Date "1997.09.20"]
[Round "3"]
[White "St Amand, Paul Jr"]
[Black "Tremblay, Sylvain"]
[Result "1/2-1/2"]
[WhiteElo "2080"]
[BlackElo "2116"]
[PlyCount "43"]
[GameId "2160767911932043"]
[EventDate "1997.09.19"]
[EventType "swiss"]
[EventRounds "5"]
[EventCountry "CAN"]

1. e4 c6 2. d4 d5 3. Nd2 dxe4 4. Nxe4 Bf5 5. Ng3 Bg6 6. Nf3 Nd7 7. h4 h6 8. h5 Bh7 9. Bd3 Bxd3 10. Qxd3 Ngf6 11. Bf4 Qa5+ 12. Bd2 Qc7 13. Ne4 Nxe4 14. Qxe4 e6 15. O-O-O Bd6 16. g3 O-O-O 17. Qe2 Kb8 18. Rhe1 Rc8 19. Kb1 Ka8 20. Ne5 Bxe5 21. dxe5 c5 22. c4 1/2-1/2